00477 2200193 4500001002100000005001500021008004100036020002200077035001900099041000700118082001100125090001700136100001800153245004000171260002300211300002100234500001100255650001700266INLIS00000000000234420241224112524241224||||||||| | ||| |||| || |  a978-602-8975-44-5 0010-1224002344 aid0 a612.66 a612.66 ALF k0 aAlfa Syahriar00aKupas Tuntas Darah Kebiasaan Wanita aSolobZamzamc2012 a140 hlm. ; 23 cm aCet. 1 0aBuku Panduan